000 00234nmm a2200085Ia 4500
008 220120s9999||||xx |||||||||||||||||und||
100 _aIT
_910698
245 0 _aSYS : Admin. LAN View 1.9, Multimedia, Winamp full 5.08, Aud
260 _c2005
999 _c138791
_d138791